Revista andina / (Record no. 21830)

000 -CABECERA
fixed length control field 02172nam a22003377a 4500
003 - IDENTIFICADOR DEL NÚMERO DE CONTROL
control field AR-CdUCM
008 - DATOS DE LONGITUD FIJA--INFORMACIÓN GENERAL
fixed length control field 190425b ||||| |||| 00| 0 spa d
040 ## - FUENTE DE LA CATALOGACIÓN
Agencia/entidad que catalogó originalmente la obra MUNICIPALIDAD PROVINCIAL DEL CUSCO
Entidad que transcribió la catalogación BIBLIOTECA MUNICIPAL DEL CUSCO
082 ## - NÚMERO DE LA CLASIFICACIÓN DECIMAL DEWEY
No. de Clasificación Rev.Andi/N°3/1984
110 ## - ENTRADA PRINCIPAL--NOMBRE DE ENTIDAD CORPORATIVA
Nombre de la institución, jurisdicción como entrada principal Centro Bartolomé de Las Casas
9 (RLIN) 3293
245 ## - MENCIÓN DE TÍTULO
Título Revista andina /
Mención de responsabilidad Centro de estudios rurales andinos Bartolomé de Las Casas Cusco
260 ## - PUBLICACIÓN, DISTRIBUCIÓN, ETC.
Lugar de publicación, distribución, etc. Cusco :
Nombre de la editorial, distribuidor, etc. Centro Bartolomé de Las Casas,
Fecha de publicación, distribución, etc. 1984.
300 ## - DESCRIPCIÓN FÍSICA
Nº de Páginas Extensión 352 páginas. :
Dimensiones 23 cm.
440 ## - MENCIÓN DE SERIE/PUNTO DE ACCESO ADICIONAL--TÍTULO
Título Publicación Semestral del Centro Bartolomé de Las Casas Cusco.
Número de la parte/sección de una obra Año 2, Número 3, N°1, Primer semestre 1984.
9 (RLIN) 46305
505 ## - NOTA DE CONTENIDO CON FORMATO
Nota de contenido formateada Contenido: Chuta el espacio de la práctica social en Pacariqtambo Perú. Gary Urton. -- Debate en torno a los rostros de la plebe. -- Sobre criollos y criollismo. Antonio Acosta. -- La reconstrucción del Protoquechua. Rodolfo Cerrón-Palomino -- Yauyos un microcosmo dialectal quechua. Gerald Taylor. -- Estudio arqueológico de la necrópolis de Palla Palla. José Huidobro Bellido -- Investigaciones en etnohistoria de Ecuador. Chantal Caillavet. -- Albornoz y el espacio ritual andino prehispánico. Pierre Duviols. -- Crónicas Bibliográficas. -- Ludovico Bertonio (1557-1625) fuente única al mundo Aymara temprano. Xavier Albó, Félix Layo. -- Acerca de los estudios andinos en la Argentina. Rodolfo J. Merlino, Alicia C. Quereilhac. -- Acerca de la arqueología andina del norte de Chile: comentarios y referencias bibliográficas publicadas entre 1980-1983. Mario A. Rivera. -- Estudios Americanistas de Bonn. Roswith Hartmann.
650 ## - PUNTO DE ACCESO ADICIONAL DE MATERIA--TÉRMINO DE MATERIA
Descriptor Comunidades campesinas
9 (RLIN) 2214
650 ## - PUNTO DE ACCESO ADICIONAL DE MATERIA--TÉRMINO DE MATERIA
Descriptor Economía campesina
9 (RLIN) 2215
650 ## - PUNTO DE ACCESO ADICIONAL DE MATERIA--TÉRMINO DE MATERIA
Descriptor Cultura andina
9 (RLIN) 46295
650 ## - PUNTO DE ACCESO ADICIONAL DE MATERIA--TÉRMINO DE MATERIA
Descriptor Idioma Quechua
9 (RLIN) 27790
650 ## - PUNTO DE ACCESO ADICIONAL DE MATERIA--TÉRMINO DE MATERIA
Descriptor Arqueología andina
9 (RLIN) 34565
700 ## - PUNTO DE ACCESO ADICIONAL--NOMBRE DE PERSONA
Nombre Personal Urton, Gary
9 (RLIN) 26439
700 ## - PUNTO DE ACCESO ADICIONAL--NOMBRE DE PERSONA
Nombre Personal Cerrón Palomino, Rodolfo
9 (RLIN) 7429
700 ## - PUNTO DE ACCESO ADICIONAL--NOMBRE DE PERSONA
Nombre Personal Taylor, Gerald
9 (RLIN) 2028
700 ## - PUNTO DE ACCESO ADICIONAL--NOMBRE DE PERSONA
Nombre Personal Huidobro Bellido, José
9 (RLIN) 46306
700 ## - PUNTO DE ACCESO ADICIONAL--NOMBRE DE PERSONA
Nombre Personal Caillavet, Chantal
9 (RLIN) 46307
700 ## - PUNTO DE ACCESO ADICIONAL--NOMBRE DE PERSONA
Nombre Personal Duviols, Pierre
9 (RLIN) 45039
700 ## - PUNTO DE ACCESO ADICIONAL--NOMBRE DE PERSONA
Nombre Personal Albó, Xavier
9 (RLIN) 46308
700 ## - PUNTO DE ACCESO ADICIONAL--NOMBRE DE PERSONA
Nombre Personal Hartmann, Roswith
9 (RLIN) 46309
942 ## - ELEMENTOS DE PUNTO DE ACCESO ADICIONAL (KOHA)
Fuente de clasificación
Tipo de item Revistas cusqueñas
945 ## - PROCESAMIENTO DE INFORMACIÓN LOCAL (OCLC)
Catalogador rac
Holdings
Estado de retiro (separado) Fuente de clasificación o esquema de estanterías Estado dañado Ubicación Sala donde se ubica Nombre de la colección Fecha de adquisición o compra Costo, precio normal en soles Signatura topográfica Código de Barras Última vez visto (Koha) Tipo de ítem (Koha)
No     Sala Hemeroteca Sala Hemeroteca Book Cart 2021-08-20 10.00 Rev.Andi/N°3/1984 REVC000303 2021-08-20 Revistas cusqueñas

Powered by Koha